[Event "Bucharest (Women)"]
[Site "Bucharest"]
[Date "1991.??.??"]
[Round "?"]
[White "Duminica, Mariana"]
[Black "Ionescu, Viorica"]
[Result "0-1"]
[WhiteElo "2110"]
[BlackElo "2115"]
[PlyCount "90"]
[EventDate "1991.??.??"]
[EventType "tourn"]
[EventRounds "11"]
[EventCountry "ROU"]
[SourceTitle "EXT 1997"]
[Source "ChessBase"]
[SourceDate "1996.11.15"]
[SourceVersion "1"]
[SourceVersionDate "1996.11.15"]
[SourceQuality "1"]

1. e4 c5 2. Nf3 d6 3. d4 cxd4 4. Nxd4 Nf6 5. Nc3 g6 6. Bc4 Bg7 7. h3 0-0 8. Bb3 Nbd7 9. 0-0 Nc5 10. Re1 Bd7 11. Bg5 Rb8 12. Nd5 e6 13. Nxf6+ Bxf6 14. Bxf6 Qxf6 15. c3 b5 16. Qd2 a5 17. Nf3 e5 18. Rad1 a4 19. Bc2 Rb6 20. Qe3 b4 21. Nd2 Be6 22. b3 Rc8 23. cxb4 Rxb4 24. a3 Rd4 25. b4 Nd7 26. Bxa4 Nb6 27. Bb5 d5 28. Rc1 Nc4 29. Bxc4 dxc4 30. Rc3 Rcd8 31. Qf3 Qg5 32. Nf1 Rd3 33. Re3 Rd1 34. Qe2 Rb1 35. Rg3 Qe7 36. f4 exf4 37. Rgf3 Qf6 38. Kh2 g5 39. e5 Qf5 40. Nd2 Rb2 41. Qe4 Rdxd2 42. Qxf5 Rxg2+ 43. Kh1 Bxf5 44. Rxc4 Rgd2 45. Rc1 Be4 0-1

[Event "Biel op (Women)"]
[Site "Biel"]
[Date "1991.??.??"]
[Round "2"]
[White "Ionescu, Viorica"]
[Black "Alexandria, Nana"]
[Result "1-0"]
[WhiteElo "2150"]
[BlackElo "2310"]
[PlyCount "31"]
[EventDate "1991.07.??"]
[EventType "swiss"]
[EventRounds "9"]
[EventCountry "SUI"]
[SourceTitle "TD"]
[Source "ChessBase"]
[SourceDate "1994.03.01"]
[SourceVersion "1"]
[SourceVersionDate "1994.03.01"]
[SourceQuality "1"]

1. d4 b5 2. e4 Bb7 3. f3 a5 4. c4 bxc4 5. Bxc4 d5 6. Qb3 dxc4 7. Qxb7 Nd7 8. Ne2 e5 9. Nbc3 exd4 10. Nxd4 Rb8 11. Qa6 Bc5 12. Nc6 Rb6 13. Qxb6 Qh4+ 14. g3 Qh3 15. Qxc7 f6 16. Bf4 1-0

[Event "Bucharest (Women)"]
[Site "Bucharest"]
[Date "1991.??.??"]
[Round "?"]
[White "Ionita, Mariana"]
[Black "Ionescu, Viorica"]
[Result "1/2-1/2"]
[WhiteElo "2090"]
[BlackElo "2115"]
[PlyCount "47"]
[EventDate "1991.??.??"]
[EventType "tourn"]
[EventRounds "11"]
[EventCountry "ROU"]
[SourceTitle "EXT 1997"]
[Source "ChessBase"]
[SourceDate "1996.11.15"]
[SourceVersion "1"]
[SourceVersionDate "1996.11.15"]
[SourceQuality "1"]

1. d4 Nf6 2. Nf3 g6 3. Nbd2 d5 4. e3 Bg7 5. Bd3 0-0 6. 0-0 b6 7. Qe2 c5 8. c3 Bb7 9. dxc5 bxc5 10. e4 dxe4 11. Nxe4 Nbd7 12. Nxf6+ Nxf6 13. Bc4 Qc7 14. Re1 e6 15. Ne5 Nd5 16. Bd2 Rad8 17. Rad1 Nb6 18. Bb3 Bd5 19. Bxd5 exd5 20. Bf4 Rde8 21. Nd3 Qc6 22. Qc2 a5 23. Rxe8 Rxe8 24. Be3 1/2-1/2

[Event "Biel op (Women)"]
[Site "Biel"]
[Date "1991.??.??"]
[Round "5"]
[White "Nagrocka, Ewa"]
[Black "Ionescu, Viorica"]
[Result "1/2-1/2"]
[WhiteElo "2165"]
[BlackElo "2150"]
[PlyCount "161"]
[EventDate "1991.07.??"]
[EventType "swiss"]
[EventRounds "9"]
[EventCountry "SUI"]
[SourceTitle "TD"]
[Source "ChessBase"]
[SourceDate "1994.03.01"]
[SourceVersion "1"]
[SourceVersionDate "1994.03.01"]
[SourceQuality "1"]

1. d4 Nf6 2. Nf3 g6 3. Bg5 Bg7 4. c3 d5 5. e3 0-0 6. Bxf6 Bxf6 7. Bd3 c5 8. Nbd2 Nd7 9. h4 e5 10. dxe5 Nxe5 11. Nxe5 Bxe5 12. h5 b5 13. hxg6 fxg6 14. Bxb5 Rb8 15. Qe2 Qa5 16. Qd3 Be6 17. Bd7 Bf7 18. f4 Bf6 19. Qc2 Rb7 20. Bg4 Rfb8 21. b4 cxb4 22. Nb3 Qa4 23. 0-0 bxc3 24. Bf3 Re7 25. Rfe1 Rbe8 26. Kf2 Qc4 27. Rad1 Kg7 28. g3 Rb7 29. Re2 Bd8 30. Rd4 Qc6 31. Rd3 Bf6 32. Na5 Qc7 33. Nxb7 Qxb7 34. Rd1 Rb8 35. e4 dxe4 36. Bxe4 Qb6+ 37. Kg2 Qc7 38. Qa4 Rb2 39. Bc2 Rxa2 40. Qb5 Rb2 41. Qd3 Qc6+ 42. Kh2 a5 43. g4 Bc4 44. Qd7+ Qxd7 45. Rxd7+ Kf8 46. Rg2 Be6 47. Ra7 Bd5 48. Re2 Bf3 49. Re6 Bd4 50. Rae7 Rxc2+ 51. Kg3 Bc6 52. Rc7 Rg2+ 53. Kh3 Bf3 54. Rd6 Ke8 55. Rxd4 c2 56. Rd3 Rg1 57. Rxc2 Bxg4+ 58. Kh4 Bf5 59. Re2+ Kf7 60. Rde3 Rg4+ 61. Kh3 Rxf4+ 62. Kg3 Rg4+ 63. Kh2 h5 64. Re7+ Kf6 65. Ra7 Rh4+ 66. Kg1 Ra4 67. Ra6+ Kg7 68. Re7+ Kh6 69. Rea7 Kg5 70. Rxa5 Rg4+ 71. Kh2 Rb4 72. Ra2 h4 73. R7a4 Rb1 74. Rg2+ Kh5 75. Ra5 h3 76. Rxf5+ gxf5 77. Kxh3 f4 78. Rg8 Rb2 79. Rg7 Rb3+ 80. Kg2 Kh4 81. Kf2 1/2-1/2

[Event "Biel op (Women)"]
[Site "Biel"]
[Date "1991.??.??"]
[Round "9"]
[White "Veroci, Zsuzsa"]
[Black "Ionescu, Viorica"]
[Result "1/2-1/2"]
[WhiteElo "2325"]
[BlackElo "2150"]
[PlyCount "34"]
[EventDate "1991.07.??"]
[EventType "swiss"]
[EventRounds "9"]
[EventCountry "SUI"]
[SourceTitle "TD"]
[Source "ChessBase"]
[SourceDate "1994.03.01"]
[SourceVersion "1"]
[SourceVersionDate "1994.03.01"]
[SourceQuality "1"]

1. e4 c5 2. Nf3 d6 3. d4 cxd4 4. Nxd4 Nf6 5. Nc3 g6 6. Bc4 Bg7 7. h3 0-0 8. Bb3 a6 9. 0-0 b5 10. a4 b4 11. Nd5 Bb7 12. Bg5 Nbd7 13. Re1 Re8 14. Nxb4 Qb6 15. c3 Nxe4 16. Be3 Qa5 17. Ne2 Rac8 1/2-1/2